Politik antarabangsa : (Record no. 1622)

000 -LEADER
fixed length control field nam a22 a 4500
003 - CONTROL NUMBER IDENTIFIER
control field AKMAL
005 - DATE AND TIME OF LATEST TRANSACTION
control field 20170511103809.0
008 - FIXED-LENGTH DATA ELEMENTS--GENERAL INFORMATION
fixed length control field 170511s1992 my a00 may d
020 ## - INTERNATIONAL STANDARD BOOK NUMBER
International Standard Book Number 9836216065 (kkt.):
Terms of availability Rgt. 30.00
040 ## - CATALOGING SOURCE
Original cataloging agency AKMAL
082 04 - DEWEY DECIMAL CLASSIFICATION NUMBER
Classification number 327 HOL
090 ## - LOCALLY ASSIGNED LC-TYPE CALL NUMBER (OCLC); LOCAL CALL NUMBER (RLIN)
Classification number (OCLC) (R) ; Classification number, CALL (RLIN) (NR) 327
Local cutter number (OCLC) ; Book number/undivided call number, CALL (RLIN) HOL
100 1# - MAIN ENTRY--PERSONAL NAME
Personal name Holsti, K. J.
Fuller form of name (Kalevi Jacque),
Dates associated with a name 1935-
9 (RLIN) 3298
245 10 - TITLE STATEMENT
Title Politik antarabangsa :
Remainder of title suatu rangka kerja analisis /
Statement of responsibility, etc. K. J. Holsti ; Haji Hassan Ahmad
260 ## - PUBLICATION, DISTRIBUTION, ETC.
Place of publication, distribution, etc. Kuala Lumpur :
Name of publisher, distributor, etc. Dewan Bahasa dan Pustaka,
Date of publication, distribution, etc. 1992
300 ## - PHYSICAL DESCRIPTION
Extent xiii, 573ms. ;
Dimensions 24cm
500 ## - GENERAL NOTE
General note Terjemahan dari : International politics, a framework for analysis
504 ## - BIBLIOGRAPHY, ETC. NOTE
Bibliography, etc. note Bibliografi : ms.555-573
521 ## - TARGET AUDIENCE NOTE
Target audience note Peringkat pembaca : Dewasa
599 ## - LOCAL NOTE
Local Note DALAM PROSES
650 ## - SUBJECT ADDED ENTRY--TOPICAL TERM
Topical term or geographic name entry element International relations
9 (RLIN) 282
700 0# - ADDED ENTRY--PERSONAL NAME
Personal name Hassan Ahmad,
Titles and other words associated with a name Datuk,
Dates associated with a name 1936-2011
9 (RLIN) 3299
942 ## - ADDED ENTRY ELEMENTS (KOHA)
Source of classification or shelving scheme
Koha item type Book
Holdings
Withdrawn status Lost status Source of classification or shelving scheme Damaged status Not for loan Collection code Home library Current library Shelving location Date acquired Inventory number Total Checkouts Full call number Barcode Date last seen Price effective from Koha item type
          NON-FICTION AKMAL Melaka AKMAL Melaka PINJAMAN 11.05.2017 302206   327 HOL 201703012 11.05.2017 11.05.2017 Book
Pusat Sumber Maklumat Dato' Haji Sarmin Md Hussin, Akademi Kastam Diraja Malaysia, Melaka
Tel: 06-2331106 | Faks: 06-2313787